000 00831nam a2200229Ia 4500
001 600
003 GE_BSU
008 181216s||||||||xx |||||||||||||| ||und||
020 _a9994023845
040 _cGE_BSU
080 _a33
245 _aთავისუფლება და საკუთრება.წ.III.
245 _bთავისუფლების ბიბლიოთეკა. ახალი ეკონომიკური სკოლა-საქართველო
245 _cმთ.რედ. პაატა შეშელიძე
260 _aთბილისი
260 _bენა და კულტურა
260 _c2005
300 _a160გვ.
541 _h10ლ.
653 _aთავისუფლება და საკუთრება
942 _cBK
999 _c34790
_d34790